000 00726nam a2200205Ii 4500
003 JO-AjNU
008 230605s9999||||xx |||||||||||||| ||und||
040 _aJO-AjNU
_bara
_erda
_cJO-AjNU
041 _aara
050 1 4 _aHG4026.Z8238 2006
100 3 _aتأليف: الزبيدي،حمزة محمود,
_eauthor
_927967
245 0 0 _aاساسيات الادارة المالية
250 _aط1
264 3 1 _aعمان: مؤسسة الوراق للنشر والتوزيع، 2006
300 _a370ص
_bيحتوي على ببلوغرافية من 368-370ص
336 _atext
_btxt
_2rdacontent
337 _aunmediated
_bn
_2rdamedia
338 _avolume
_bnc
_2rdacarrier
650 4 _aالادارة المالية
_927968
999 _aA10790
_c14358
_d14358